Star Wars Movies Quiz - Statistics

General Stats
  • This quiz has been taken 700 times
    356 since last reset
  • The average score is 8 of 9
Answer Stats
Hint Answer % Correct
Episode 4 A New Hope
98%
Episode 2 Attack of the Clones
96%
Episode 1 The Phantom Menace
96%
Episode 6 Return of the Jedi
95%
Episode 3 Revenge of the Sith
95%
Episode 5 The Empire Strikes Back
94%
Episode 7 The Force Awakens
87%
2008 Spin off The Clone Wars
62%
2016 Spin off Rogue One
57%
No matching quizzes found
Score Distribution
Percent of People with Each Score
Percentile by Number Answered
Your Score History
You have not taken this quiz since the last reset